Discurso leído en la apertura del curso de 1885 a 1886 en la Universidad de Valencia / (Record no. 165525)

MARC details
000 -LEADER
campo de control de longitud fija 00800nam a22001935i 4500
001 - NÚMERO DE CONTROL
campo de control 165525
003 - IDENTIFICADOR DE NÚMERO DE CONTROL
campo de control ES-MaACL
005 - FECHA Y HORA DE LA ÚLTIMA TRANSACCIÓN
campo de control 20250911063600.0
008 - DATOS DE LONGITUD FIJA--INFORMACIÓN GENERAL
campo de control de longitud fija 050830s1885 sp | |||||||| ||spa d
100 1# - ENTRADA PRINCIPAL--NOMBRE DE PERSONA
Nombre de persona Soler y Pérez, Eduardo,
Fechas asociadas al nombre 1845-1907
9 (RLIN) 140371
245 10 - MENCIÓN DEL TÍTULO
Título Discurso leído en la apertura del curso de 1885 a 1886 en la Universidad de Valencia /
Mención de responsabilidad, etc. por Eduardo Soler y Pérez.
260 ## - PUBLICACIÓN, DISTRIBUCIÓN, ETC.
Lugar de publicación, distribución, etc. Valencia :
Nombre del editor, distribuidor, etc. [s.n.],
Fecha de publicación, distribución, etc. 1885 (
Fabricante Imp. de Nicasio Rius Monfort)
300 ## - DESCRIPCIÓN FÍSICA
Extensión 40, [5] p. ;
Dimensiones 24 cm.
594 ## - Nota al título y mención de responsabilidad
Nota al título y mención de responsabilidad Tít. del discurso: El Estado en sus relaciones con la Iglesia.
650 #7 - PUNTO DE ACCESO ADICIONAL DE MATERIA--TÉRMINO DE MATERIA
Término de materia o nombre geográfico como elemento de entrada Iglesia y Estado-
Subdivisión geográfica España-
Subdivisión cronológica S.XIX
Fuente del encabezamiento o término
9 (RLIN) 149103
710 2# - ENTRADA AGREGADA--NOMBRE DE ENTIDAD CORPORATIVA
Nombre de entidad corporativa o nombre de jurisdicción como elemento de entrada Universidad de Valencia.
9 (RLIN) 7314
852 ## - LOCALIZACIÓN
Ubicación ES-MaACL
Número de control de estantería T-437-F-18
Nota libre - Enc. hol.
-- - Enc. en un vol. facticio
Holdings
Estatus retirado Estado de pérdida Estado de daño No para préstamo Colección Biblioteca de origen Biblioteca actual Ubicación en estantería Fecha de adquisición Total de préstamos Signatura topográfica completa Código de barras Visto por última vez Precio de reemplazo Tipo de ítem Koha
        Colección de folletos Biblioteca del Ateneo de Madrid Biblioteca del Ateneo de Madrid Depósito folletos 17/01/2008   T-437-F-18 1173585 23/02/2023 23/02/2023 Folleto